000 00785 a2200253 4500
005 20260306130259.0
008 260306b |||||||| |||| 00| 0 eng d
020 _a978-0-7546-4746-1
037 _cTB
040 _aCRL
_cCRL
041 _2eng
_aeng
084 _aU80aX:77 P6
_qCRL
245 _aTourism and regional development:
_bnew pathways
260 _aLondon, UK:
_bRoutledge,
_c2006.
300 _axii,311p.
365 _b55.99/58.99
_cGBP
650 _aTravel
650 _aGeography
650 _aEconomics
700 _aGiaoutzi, Maria
_eEditor,
_91113512
700 _aNijkamp, Peter
_eEditor,
_91123665
942 _cTB
_2CC
_hU80aX:77 P6
999 _c1678613
_d1678613